| 000 | 00740nam a2200229Ia 4500 | ||
|---|---|---|---|
| 003 | OSt | ||
| 005 | 20240523123419.0 | ||
| 008 | 210716s2011 xx 000 0 und d | ||
| 020 | _a9788174761675 | ||
| 040 | _cAIMIT LIBRARY | ||
| 041 | _aeng | ||
| 082 |
_a374.22 _21 _bPALN |
||
| 100 |
_aPalkhivala, N A. _9167052 |
||
| 245 |
_aWe, the people : _bIndia - the largest democracy / _cBy N A Palkhivala. |
||
| 250 | _a1st ed. | ||
| 260 |
_aNew Delhi : _bUBS Publishers Distributors Pvt Ltd _c2011 |
||
| 300 |
_axviii,368p. ; _bPB _c21.5 cm |
||
| 650 |
_aEducation democracy and socialism _9167053 |
||
| 650 |
_aConstitutional issues _9167054 |
||
| 650 |
_aPersonalities diplomacy and the law _9167055 |
||
| 942 |
_2ddc _cBK _e1st _k374.22 PALN |
||
| 999 |
_c200869 _d200869 |
||